Statistiques concernant Focus sur: Helga Poufsouffle - Harry Potter

Cliquez ici pour prendre le quiz!

Statistiques générales

  • Ce quiz a été pris 236 fois
  • Le résultat moyen est 7 sur 8

Statistiques - réponses

Informations recherchéesRéponses% Correct
Ecole "fréquentée"Poudlard
99%
Maison "fréquentée"Poufsouffle
99%
Statut du sangSang-Pur
99%
ReliqueCoupe
95%
Animal représentatifBlaireau
94%
Première mentionHarry Potter et la Chambre des Secrets
88%
ProfessionFondatrice de Poudlard
87%
Couleur des cheveuxRoux
71%

Distribution des résultats

Percentile par nombre de réponses

% des personnes avec chaque résultat

Votre développement - résultats

Vous n’avez pas pris ce quiz